| 000 | 00844nam a2200217 a 4500 | ||
|---|---|---|---|
| 005 | 20240521063653.0 | ||
| 008 | 050912s2000 mx r 000 0 spa d | ||
| 035 | _aUPN01000140072 | ||
| 049 | _aCD | ||
| 050 | 4 |
_aGV712 _bA8.4 |
|
| 245 | 0 | 0 |
_aAtletismo : _bentrenamientos. |
| 260 |
_aMéxico : _bKrismar computación : _bAcervo educativo, _c[200-]. |
||
| 300 |
_a1 CD-ROM : _bson., col. ; _c4 3/4 plg. |
||
| 440 | 0 |
_aEnciclopedia virtual físico deportiva : el complemento ideal para la capacitación del deportista ; _v5 |
|
| 500 | _a"Historia, reglamento, técnicas, estrategias y entrenamiento" | ||
| 505 | 8 |
_aContenido: _tHistoria -- Tipos de pruebas (pista y campo) -- Entrenamientos -- Récords mundiales |
|
| 650 | 2 |
_aDeportes _912162 |
|
| 650 | 2 |
_aAtletismo _98566 |
|
| 650 | 4 |
_aENTRENAMIENTO ATLETICO _916259 |
|
| 905 | _aElectrónico | ||
| 999 |
_c112220 _d112220 |
||